How to make it better (Record no. 72881)
[ view plain ]
| 000 -LEADER | |
|---|---|
| fixed length control field | 01494cam a2200217 4500 |
| 001 - CONTROL NUMBER | |
| control field | ABS66847 |
| 008 - FIXED-LENGTH DATA ELEMENTS--GENERAL INFORMATION | |
| fixed length control field | 030618n2003 000 0 eng u |
| 035 ## - SYSTEM CONTROL NUMBER | |
| System control number | (Sirsi) u122655 |
| 245 ## - TITLE STATEMENT | |
| Title | How to make it better |
| 260 ## - PUBLICATION, DISTRIBUTION, ETC. | |
| Date of publication, distribution, etc. | 2003 |
| 490 ## - SERIES STATEMENT | |
| Series statement | Estates Gazette |
| Volume/sequential designation | (0323) 7 June 2003, 128-130(3) |
| 520 ## - SUMMARY, ETC. | |
| Summary, etc. | A "Mainly for students" article in an ongoing series on regeneration (see Abs65994 and X121650) looks at how regeneration development agencies (RDAs) implement their strategies, as discussed in a recent RICS conference. Provides a brief overview of regeneration issues facing the property industry and outlines how RDA's implement their regeneration strategies, using the example of Advantage West Midlands. In particular, looks at how RDAs create their strategies to reflect regional differences, such as manufacturing and service industries in areas like the West Midlands. Highlights the key priorities of Advantage West Midlands, the wider role of RDAs and the issues affecting how quickly RDAs can deliver their strategies. Also discusses the use of compulsory purchase orders (CPOs) and how changes to improve the CPO system in the Planning and Compulsory Purchase Bill should help RDAS to deliver their regeneration strategies. |
| 590 ## - LOCAL NOTE (RLIN) | |
| Local note | ABS |
| 650 ## - SUBJECT ADDED ENTRY--TOPICAL TERM | |
| Topical term or geographic name entry element | REGIONAL DEVELOPMENT AGENCIES |
| 650 ## - SUBJECT ADDED ENTRY--TOPICAL TERM | |
| Topical term or geographic name entry element | REGENERATION POLICY |
| 650 ## - SUBJECT ADDED ENTRY--TOPICAL TERM | |
| Topical term or geographic name entry element | COMPULSORY PURCHASE ORDERS |
| 650 ## - SUBJECT ADDED ENTRY--TOPICAL TERM | |
| Topical term or geographic name entry element | WEST MIDLANDS |
| 650 ## - SUBJECT ADDED ENTRY--TOPICAL TERM | |
| Topical term or geographic name entry element | REGIONAL DIFFERENCES |
| 690 ## - LOCAL SUBJECT ADDED ENTRY--TOPICAL TERM (OCLC, RLIN) | |
| Topical term or geographic name as entry element | REGENERATION |
| 942 ## - ADDED ENTRY ELEMENTS (KOHA) | |
| Suppress in OPAC | 0 |
| Withdrawn status | Lost status | Source of classification or shelving scheme | Damaged status | Not for loan | Home library | Current library | Shelving location | Date acquired | Total Checkouts | Full call number | Barcode | Date last seen | Copy number | Price effective from | Koha item type |
|---|---|---|---|---|---|---|---|---|---|---|---|---|---|---|---|
| Dewey Decimal Classification | London | London | Journal article | 18/06/2003 | ABS66847 | 122655-1001 | 06/08/2019 | 1 | 06/08/2019 | Journal article |